Grey's Anatomy specializzazioni - Statistics

Statistiche generali
  • Questo quiz è stato fatto 304 volte
  • Il punteggio medio è 21 su 26
Statistiche sulle risposte
Hint Risposta % Corretto
Meredith Grey Chirugia generale
98%
Cristina Yang Chirurgia cardiotoracica
98%
Derek Shepherd Neurochirurgia
97%
Miranda Bailey Chirugia generale
96%
Richard Webber Chirugia generale
95%
Preston Burke Chirurgia cardiotoracica
93%
Mark Sloan Chirurgia plastica
90%
Amelia Shepherd Neurochirurgia
90%
Owen Hunt Chirurgia d'Urgenza e Traumatologia
88%
Callie Torres Chirurgia ortopedica
88%
Teddy Altman Chirurgia cardiotoracica
87%
Maggie Pierce Chirurgia cardiotoracica
86%
Jackson Avery Chirurgia plastica
85%
Alex Karev Chirurgia pediatrica
84%
Erica Hahn Chirurgia cardiotoracica
83%
April Kepner Chirurgia d'Urgenza e Traumatologia
83%
Arizona Robbins Chirurgia pediatrica
81%
Jo Wilson Chirugia generale / Ostetricia
79%
Ben Warren Chirurgia generale / Anestesiologia
77%
Tom Koracick Neurochirurgia
76%
Nathan Riggs Chirurgia cardiotoracica
69%
Atticus Lincoln Chirurgia ortopedica
69%
Winston Ndugu Chirurgia cardiotoracica
62%
Nico Kim Chirurgia ortopedica
60%
Addison Montgomery Chirurgia neonatale
54%
Cormac Hayes Chirurgia pediatrica
49%
Nessun quiz corrispondente trovato
Distribuzione punteggi
Percentuale di utenti per punteggio
Percentile per numero di risposta
I tuoi punteggi nel tempo
Non hai fatto questo quiz